000 00632nam a2200241Ia 4500
003 OSt
005 20220927105157.0
006 a|||||r|||| 00| 0
007 ta
008 220926b |||||||| |||| 00| 0 eng d
024 _a142754
037 _cReference Collections
040 _aRTL
_cRTL
_beng
041 _2eng
_aeng
082 _a"X:51un, N2/RR"
100 _aSheth J N Ed.
_9370676
245 0 _aResearch in Marketing
260 _aLondon
_bJai Press
_c1992
300 _a263p
_ccm.
490 _vVol.11
942 _h"X:51un, N2/RR"
_cCC
999 _c691015
_d691015